Priemysel mobility prerastie známu podobu automotive
Kombinácia technologického pokroku a spoločenských zmien tlačí automobilový priemysel do podoby, v ktorej sa nemení len jeho produkt. Ak chcú firmy v automobilovom priemysle uspieť, musia sledovať nielen pokrok v technike, ale aj vznik a zmeny ekosystému a zapracovať ho do vlastného biznisového mode...
Gespeichert in:
| 1. Verfasser: | |
|---|---|
| Weitere Verfasser: | |
| Format: | Buchkapitel |
| Sprache: | Slowakisch |
| Schlagworte: | |
| Tags: |
Keine Tags, Fügen Sie das erste Tag hinzu!
|
MARC
| LEADER | 00000naa a2200000 4500 | ||
|---|---|---|---|
| 001 | 0262221 | ||
| 005 | 20200206105325.1 | ||
| 041 | 0 | |a slo | |
| 044 | |a SK | ||
| 245 | 1 | 0 | |a Priemysel mobility prerastie známu podobu automotive |c Veronika Miháliková, Martin Jesný |
| 520 | |a Kombinácia technologického pokroku a spoločenských zmien tlačí automobilový priemysel do podoby, v ktorej sa nemení len jeho produkt. Ak chcú firmy v automobilovom priemysle uspieť, musia sledovať nielen pokrok v technike, ale aj vznik a zmeny ekosystému a zapracovať ho do vlastného biznisového modelu - alebo ho zmeniť. Transformácia automobilového priemyslu. Pomaly napriek príležitostiam. Softvérový vývoj a digitalizácia. Elektromobily. Nové rozmery energetiky. Európska batéria ako cieľ. | ||
| 610 | 2 | 0 | |a priemysel automobilový |
| 610 | 2 | 0 | |a pokrok technologický |
| 610 | 2 | 0 | |a technológie nové |
| 610 | 2 | 0 | |a elektromobily |
| 610 | 2 | 0 | |a digitalizácia |
| 610 | 2 | 0 | |a automatizácia |
| 610 | 2 | 0 | |a Slovensko |
| 100 | 1 | |a Miháliková, Veronika | |
| 700 | 1 | |a Jesný, Martin | |